L'Educazione giuridica

Gardado en:
Detalles Bibliográficos
Autor Corporativo: Università di Perugia (Author)
Formato: Libro
Idioma:Lingua italiana
francés
inglés
alemán
Publicado: Perugia Libreria Universitaria 1975
Subjects:
Tags: Engadir etiqueta
Sen Etiquetas, Sexa o primeiro en etiquetar este rexistro!

MARC

LEADER 00000nam a2200000 a 4500
001 UCS7869
003 CL-VaPUC
005 20211228114524.0
008 971024e19750000it 1 ita d
041 0 7 |a ita  |2 CL-VaPUC 
041 0 7 |a fre  |2 CL-VaPUC 
041 0 7 |a eng  |2 CL-VaPUC 
041 0 7 |a ger  |2 CL-VaPUC 
082 0 4 |a 340.071  |b UNI  |2 21 
110 2 |a Università di Perugia  |e author  |9 618588 
245 1 2 |a L'Educazione giuridica 
260 |a Perugia  |b Libreria Universitaria  |c 1975 
300 |a 2 v. 
500 |a v.1: Modelli di università e progetti di riforma v.2: Profili storici 
583 |a last modification  |c 19971024 00:00:00  |k Rodrigo Vera 
650 0 7 |a FORMACION PROFESIONAL DE ABOGADOS  |2 CL-VaPUC  |9 599650 
650 0 0 |a Escuelas de derecho  |9 257536 
650 0 0 |a Pedagogía jurídica  |9 380883 
650 0 7 |a RESPONSABILIDAD DEL ABOGADO  |2 CL-VaPUC  |9 380688 
942 |c BK 
945 |a aolguin  |d 19971024 00:00:00 
546 |a En Italiano 
546 |a En Francés 
546 |a En Inglés 
546 |a En Alemán 
518 |p Seminario Internazionale sull'Educazione Giuridica, 1, Perugia, 12-14 de octubre de 1973 
999 |c 383032  |d 383030 
952 |0 0  |1 0  |4 0  |6 340_071000000000000_UNI_1975  |7 0  |8 DER_HIS  |9 505020  |a BIBDER  |b BIBDER  |d 2020-01-23  |h v.1  |i 1889230  |o 340.071 UNI 1975  |p 1889230  |r 2023-01-25  |w 2020-01-23  |x Ubicación 4to Piso  |y BK  |z Estos recursos deben solicitarse con anticipación  |k DER 
952 |0 0  |1 0  |4 0  |6 340_071000000000000_UNI_1975  |7 0  |8 DER_HIS  |9 505021  |a BIBDER  |b BIBDER  |d 2020-01-23  |h v.2  |i 1889281  |o 340.071 UNI 1975  |p 1889281  |r 2023-01-25  |w 2020-01-23  |x Ubicación 4to Piso  |y BK  |z Estos recursos deben solicitarse con anticipación  |k DER